Statistiques concernant League of Legends

Cliquez ici pour prendre le quiz!

Statistiques générales

  • Ce quiz a été pris 229 fois
  • Le résultat moyen est 6 sur 15

Statistiques - réponses

CompétencesChampions% Correct
Justice De Demaciagaren
94%
Jet d'Arbrisseaumaokai
75%
Fureur Des Sablesnasus
63%
Flip Flap !jinx
55%
Plus d’Étincelles ! ( passive)zoé
53%
Plan Du Néant ( passive)malzahar
47%
Zouuu !yuumi
38%
En Chassesivir
34%
Rafale ( passive)lee sin
29%
Crampondarius
28%
Coup Cathartiquesett
27%
Vélocitéteemo
26%
Cyclonewukong
21%
Combustionshyvana
17%
Indestructiblemordekaiser
15%

Distribution des résultats

Percentile par nombre de réponses

% des personnes avec chaque résultat

Votre développement - résultats

Vous n’avez pas pris ce quiz